| 000 | 00374nam a22001457a 4500 | ||
|---|---|---|---|
| 003 | OSt | ||
| 005 | 20160727222348.0 | ||
| 008 | 160621b xxu||||| |||| 00| 0 eng d | ||
| 040 | _cTest | ||
| 100 |
_9295 _aChristopher, M |
||
| 245 | _aLook Who's playing First Base | ||
| 260 |
_aN.Y _b Little Brown & CompaN.Y _c1971 |
||
| 300 | _aLook Who's playing First Base | ||
| 942 |
_2ddc _cBK |
||
| 999 |
_c240 _d240 |
||